• 首页
  • 本馆介绍
  • 公告通知
  • 最新文献
  • 馆藏检索
  • 电子资源
  • 读者导购
  • 参考咨询
  • 我的图书馆
  • 登录
  • 详细信息显示
  • 放入我的书架
  • 预约/预借图书
  • 作者相关作品
  • 分类相关作品
  • 丛书相关作品
  • 出版社相关作品

书目信息

  • 表格格式
  • 工作单格式
  • 卡片格式
题名:
下一站火星
    
 
作者: 太空精酿 著
分册:  
出版信息: 北京   电子工业出版社  2021.3
页数: 292页
开本: 24cm
丛书名:
单 册:
中图分类: P185.3
科图分类:
主题词: 火星--普及读物
电子资源:
ISBN: 978-7-121-38180-5
000 00835nam0 2200253 45
001 012001000058
005 20140910135841.0
010    @a978-7-121-38180-5@dCNY78.00
100    @a20200529d2020 em y0chiy50 ea
101 0  @achi
102    @aCN@b110000
105    @aa z 000yy
106    @ar
200 1  @a下一站火星@Axia yi zhan huo xing@b专著@dThe next stop: mars@f毛新愿著@zeng
210    @a北京@c电子工业出版社@d2021.3
215    @a292页@c彩图,彩照@d24cm
300    @a并列题名:Next stop: mars
330    @a本书共九章,内容包括:揭秘火星;火星探测从无到有;差一步,从月球到火星;火星探测重新开启;21世纪的辉煌等。
510 1  @aNext stop: mars@zeng
606 0  @a火星@j普及读物
690    @aP185.3@v5
701  0 @a太空精酿@Atai kong jing niang@4著
801  0 @aCN@bBJSDL@c20211011
905    @b1330216-9@dP185.3@e355@f4
    
    下一站火星=The next stop: mars/毛新愿著.-北京:电子工业出版社,2021.3
    292页:彩图,彩照;24cm
    并列题名:Next stop: mars
    
    ISBN 978-7-121-38180-5:CNY78.00
    本书共九章,内容包括:揭秘火星;火星探测从无到有;差一步,从月球到火星;火星探测重新开启;21世纪的辉煌等。
●
相关链接 在E读中查询图书 在五车中查询图书 在当当中查询图书 在豆瓣中查询图书


正题名:下一站火星     索取号:P185.3/355         预约/预借

序号 登录号 条形码 馆藏地/架位号 状态 备注
1 1330216   213302166   第二样本阅览室/ [索取号:P185.3/355] 在馆    
2 1330217   213302175   第三借阅区/ [索取号:P185.3/355] 在馆    
3 1330218   213302184   第三借阅区/ [索取号:P185.3/355] 在馆    
4 1330219   213302193   第三借阅区/ [索取号:P185.3/355] 在馆    
唐山师范学院图书馆 欢迎您!
大连网信软件有限公司© 版权所有